000 00789nas a2200265 4500
001 BR2019000379
003 BR-BrBNA
005 20231205131600.0
007 ta
008 230509b bl.|||p| |||| 00| 00por d
040 _aBR-BrBNA
_bpor
_cBiblioteca Nacional de Agricultura
041 _a(En)
072 _aH10
100 1 _aKruschewsky, M.C.
100 1 _aLuz, E.D.M.N.
100 1 _aBezerra, J.L.
245 1 _aO gênero Pestalotiopsis (Ascomycota, Coelomycetes)no Brasil
650 _aMICOLOGIA
650 _aTAXONOMIA
650 _aDISTRIBUIÇÃO GEOGRAFICA
773 0 _tAgrotrópica (Brazil)
_x0103-3816
_g(Jan-Apr 2014), v. 26(2) p. 89-98
_wBR2019000379
856 4 0 _dLink DSPACE/MAPA BR2019000379
909 _a202311
_bLúcia
_c55
_dLúcia Elande
942 _2AGRIS
_n0
_cANA
999 _c255569
_d255569